[Event "Amateur Tournament (ATO)"]
[Site "https://www.chess.com"]
[Date "2025.07.16"]
[Round "2"]
[White "Muehlemann, Walter"]
[Black "Bachmann, Daniel"]
[Result "0-1"]
[Board "34"]
[WhiteFideId "1307010"]
[BlackFideId "1357492"]
[WhiteElo "1624"]
[BlackElo "1766"]
[WhiteTeam "SUI"]
[BlackTeam "SUI"]
[WhiteClock "0:46:04"]
[BlackClock "0:20:03"]
[Variant "Standard"]

1. e4 {[%clk 1:30:56]}  e6 {[%clk 1:16:33]} 2. d4 {[%clk 1:31:14]}  d5 {[%clk 1:17:02]} 3. exd5 {[%clk 1:31:36]}  exd5 {[%clk 1:17:31]} 4. Bd3 {[%clk 1:31:05]}  Bd6 {[%clk 1:17:58]} 5. Nf3 {[%clk 1:30:58]}  Ne7 {[%clk 1:18:27]} 6. O-O {[%clk 1:30:57]}  Nbc6 {[%clk 1:18:53]} 7. c3 {[%clk 1:31:05]}  Bf5 {[%clk 1:19:22]} 8. Re1 {[%clk 1:29:41]}  Bxd3 {[%clk 1:19:51]} 9. Qxd3 {[%clk 1:29:49]}  Qd7 {[%clk 1:20:19]} 10. Nbd2 {[%clk 1:28:59]}  f6 {[%clk 1:20:38]} 11. Nb3 {[%clk 1:28:39]}  b6 {[%clk 1:20:07]} 12. Bd2 {[%clk 1:27:51]}  a5 {[%clk 1:20:24]} 13. a4 {[%clk 1:27:28]}  O-O {[%clk 1:20:37]} 14. Nc1 {[%clk 1:25:45]}  Rae8 {[%clk 1:20:55]} 15. Ne2 {[%clk 1:25:13]}  Ng6 {[%clk 1:21:00]} 16. Rab1 {[%clk 1:22:42]}  Nd8 {[%clk 1:20:01]} 17. b3 {[%clk 1:20:45]}  Ne6 {[%clk 1:19:39]} 18. c4 {[%clk 1:19:41]}  dxc4 {[%clk 1:18:59]} 19. Qxc4 {[%clk 1:18:48]}  Kh8 {[%clk 1:18:09]} 20. Nc3 {[%clk 1:17:44]}  Nef4 {[%clk 1:16:46]} 21. Ne4 {[%clk 1:15:12]}  Qg4 {[%clk 1:15:47]} 22. Ng3 {[%clk 1:13:05]}  h5 {[%clk 1:13:21]} 23. Qb5 {[%clk 1:09:05]}  Rxe1+ {[%clk 1:12:44]} 24. Rxe1 {[%clk 1:09:03]}  Nh3+ {[%clk 0:59:47]} 25. Kf1 {[%clk 1:06:23]}  Bxg3 {[%clk 0:59:13]} 26. fxg3 {[%clk 1:06:31]}  Ng5 {[%clk 0:58:10]} 27. Qd3 {[%clk 1:04:48]}  Nxf3 {[%clk 0:54:07]} 28. gxf3 {[%clk 1:04:08]}  Qh3+ {[%clk 0:53:51]} 29. Kg1 {[%clk 1:04:20]}  Kh7 {[%clk 0:53:24]} 30. Re4 {[%clk 1:03:30]}  f5 {[%clk 0:52:32]} 31. Re1 {[%clk 0:56:33]}  h4 {[%clk 0:47:05]} 32. f4 {[%clk 0:53:48]}  hxg3 {[%clk 0:45:33]} 33. Qxg3 {[%clk 0:53:44]}  Qxg3+ {[%clk 0:44:32]} 34. hxg3 {[%clk 0:54:00]}  Rd8 {[%clk 0:42:12]} 35. Bc3 {[%clk 0:54:03]}  c5 {[%clk 0:40:55]} 36. dxc5 {[%clk 0:53:58]}  Rd3 {[%clk 0:41:19]} 37. Rc1 {[%clk 0:53:36]}  bxc5 {[%clk 0:37:04]} 38. Bxa5 {[%clk 0:53:38]}  Rxg3+ {[%clk 0:35:50]} 39. Kf2 {[%clk 0:53:46]}  Nxf4 {[%clk 0:35:07]} 40. Rc4 {[%clk 0:51:31]}  Rg4 {[%clk 0:33:23]} 41. Kf3 {[%clk 0:50:35]}  Ne6 {[%clk 0:30:00]} 42. Rxg4 {[%clk 0:49:30]}  fxg4+ {[%clk 0:30:30]} 43. Kxg4 {[%clk 0:49:30]}  Nd4 {[%clk 0:25:26]} 44. b4 {[%clk 0:47:05]}  Nb3 {[%clk 0:24:47]} 45. bxc5 {[%clk 0:45:38]}  Nxa5 {[%clk 0:25:10]} 46. Kf5 {[%clk 0:45:15]}  Kh6 {[%clk 0:22:16]} 47. Ke5 {[%clk 0:44:57]}  g5 {[%clk 0:22:22]} 48. Kd5 {[%clk 0:45:06]}  g4 {[%clk 0:22:36]} 49. c6 {[%clk 0:45:07]}  Nxc6 {[%clk 0:22:59]} 50. Kxc6 {[%clk 0:45:05]}  g3 {[%clk 0:23:23]} 51. a5 {[%clk 0:45:17]}  g2 {[%clk 0:23:39]} 52. a6 {[%clk 0:45:14]}  g1=Q {[%clk 0:24:04]} 53. Kb7 {[%clk 0:45:28]}  Qg7+ {[%clk 0:23:58]} 54. Kb8 {[%clk 0:45:24]}  Qf8+ {[%clk 0:20:34]} 55. Kb7 {[%clk 0:45:38]}  Qe7+ {[%clk 0:20:51]} 56. Kb8 {[%clk 0:45:51]}  Qd8+ {[%clk 0:21:01]} 57. Kb7 {[%clk 0:45:38]}  Qd7+ {[%clk 0:19:36]} 58. Kb8 {[%clk 0:45:54]}  Qb5+ {[%clk 0:19:40]} 59. Ka7 {[%clk 0:46:04]}  Kg7 {[%clk 0:20:03]} 0-1

[Event "Amateur Tournament (ATO)"]
[Site "https://www.chess.com"]
[Date "2025.07.16"]
[Round "2"]
[White "Boyer, Jean-Francois"]
[Black "Ademi, Rexhe"]
[Result "1-0"]
[Board "35"]
[WhiteFideId "650226"]
[BlackFideId "1350366"]
[WhiteElo "1743"]
[BlackElo "1605"]
[WhiteTeam "FRA"]
[BlackTeam "SUI"]
[WhiteClock "0:09:26"]
[BlackClock "1:19:13"]
[Variant "Standard"]

1. e4 {[%clk 1:30:57]}  d6 {[%clk 1:30:49]} 2. d4 {[%clk 1:30:57]}  Nf6 {[%clk 1:31:04]} 3. Nc3 {[%clk 1:29:40]}  c6 {[%clk 1:31:22]} 4. Nf3 {[%clk 1:27:47]}  g6 {[%clk 1:31:29]} 5. h3 {[%clk 1:24:41]}  Bg7 {[%clk 1:31:50]} 6. Bd3 {[%clk 1:24:44]}  Nbd7 {[%clk 1:31:44]} 7. Be3 {[%clk 1:21:18]}  b5 {[%clk 1:31:29]} 8. Ne2 {[%clk 1:16:15]}  Qa5+ {[%clk 1:31:15]} 9. c3 {[%clk 1:15:43]}  Bb7 {[%clk 1:31:25]} 10. b4 {[%clk 1:09:12]}  Qc7 {[%clk 1:31:34]} 11. Ng3 {[%clk 1:03:02]}  a5 {[%clk 1:31:28]} 12. O-O {[%clk 0:59:28]}  axb4 {[%clk 1:30:29]} 13. cxb4 {[%clk 0:55:52]}  O-O {[%clk 1:30:42]} 14. a4 {[%clk 0:53:07]}  bxa4 {[%clk 1:25:43]} 15. Rxa4 {[%clk 0:53:30]}  Rab8 {[%clk 1:24:37]} 16. Qc2 {[%clk 0:52:14]}  e5 {[%clk 1:24:42]} 17. d5 {[%clk 0:48:51]}  Rfc8 {[%clk 1:24:54]} 18. Rc1 {[%clk 0:48:32]}  c5 {[%clk 1:24:33]} 19. bxc5 {[%clk 0:39:16]}  Nxc5 {[%clk 1:24:24]} 20. Nxe5 {[%clk 0:35:30]}  dxe5 {[%clk 1:24:20]} 21. Qxc5 {[%clk 0:34:28]}  Qd7 {[%clk 1:24:07]} 22. Qa3 {[%clk 0:34:38]}  Rxc1+ {[%clk 1:23:56]} 23. Bxc1 {[%clk 0:34:45]}  Rc8 {[%clk 1:24:12]} 24. Ra7 {[%clk 0:31:01]}  Bf8 {[%clk 1:24:08]} 25. Qa1 {[%clk 0:31:13]}  Bc5 {[%clk 1:23:20]} 26. Ra2 {[%clk 0:28:00]}  Bd4 {[%clk 1:22:58]} 27. Bb2 {[%clk 0:27:31]}  Qd6 {[%clk 1:23:01]} 28. Bxd4 {[%clk 0:25:21]}  exd4 {[%clk 1:21:12]} 29. Qxd4 {[%clk 0:24:07]}  Nd7 {[%clk 1:20:20]} 30. Rc2 {[%clk 0:17:39]}  Rxc2 {[%clk 1:19:41]} 31. Bxc2 {[%clk 0:17:58]}  Ne5 {[%clk 1:20:01]} 32. Bb3 {[%clk 0:14:48]}  Qf6 {[%clk 1:20:11]} 33. Qe3 {[%clk 0:14:23]}  Kg7 {[%clk 1:19:58]} 34. f4 {[%clk 0:12:26]}  Nd7 {[%clk 1:19:42]} 35. e5 {[%clk 0:11:57]}  Qa6 {[%clk 1:19:10]} 36. e6 {[%clk 0:10:11]}  Qa1+ {[%clk 1:19:30]} 37. Kh2 {[%clk 0:10:19]}  fxe6 {[%clk 1:19:26]} 38. Qxe6 {[%clk 0:09:20]}  Nc5 {[%clk 1:19:23]} 39. Qe7+ {[%clk 0:09:26]}  Kh8 {[%clk 1:19:13]} 1-0

[Event "Amateur Tournament (ATO)"]
[Site "https://www.chess.com"]
[Date "2025.07.16"]
[Round "2"]
[White "Michel, Jean-claude"]
[Black "Cloete, Willem Francois"]
[Result "0-1"]
[Board "37"]
[WhiteFideId "1301241"]
[BlackFideId "14358387"]
[WhiteElo "1730"]
[BlackElo "1567"]
[WhiteTeam "SUI"]
[BlackTeam "RSA"]
[WhiteClock "0:01:27"]
[BlackClock "0:10:08"]
[Variant "Standard"]

1. d4 {[%clk 1:30:49]}  Nf6 {[%clk 1:30:50]} 2. c4 {[%clk 1:31:15]}  g6 {[%clk 1:31:15]} 3. Nf3 {[%clk 1:31:39]}  Bg7 {[%clk 1:31:32]} 4. g3 {[%clk 1:31:59]}  O-O {[%clk 1:31:47]} 5. Bg2 {[%clk 1:32:24]}  d6 {[%clk 1:32:11]} 6. O-O {[%clk 1:32:33]}  c5 {[%clk 1:32:27]} 7. e3 {[%clk 1:31:34]}  Nc6 {[%clk 1:31:47]} 8. d5 {[%clk 1:30:40]}  Na5 {[%clk 1:31:03]} 9. Nbd2 {[%clk 1:29:01]}  b5 {[%clk 1:27:22]} 10. cxb5 {[%clk 1:14:58]}  Nxd5 {[%clk 1:25:29]} 11. a4 {[%clk 1:04:07]}  Nb4 {[%clk 1:22:27]} 12. Rb1 {[%clk 0:51:26]}  a6 {[%clk 1:19:22]} 13. Ne5 {[%clk 0:46:05]}  Bb7 {[%clk 1:13:08]} 14. Bxb7 {[%clk 0:39:37]}  Nxb7 {[%clk 1:12:09]} 15. bxa6 {[%clk 0:39:10]}  Rxa6 {[%clk 1:10:57]} 16. Nec4 {[%clk 0:36:50]}  d5 {[%clk 1:05:10]} 17. Na3 {[%clk 0:37:00]}  c4 {[%clk 1:00:47]} 18. Nb5 {[%clk 0:34:02]}  Nc5 {[%clk 0:57:12]} 19. Nc3 {[%clk 0:30:25]}  Ncd3 {[%clk 0:53:33]} 20. Nf3 {[%clk 0:19:33]}  e5 {[%clk 0:50:07]} 21. Bd2 {[%clk 0:12:50]}  g5 {[%clk 0:47:34]} 22. Ne1 {[%clk 0:09:00]}  Re8 {[%clk 0:43:31]} 23. Nb5 {[%clk 0:08:57]}  Nxe1 {[%clk 0:42:28]} 24. Bxe1 {[%clk 0:09:12]}  Nd3 {[%clk 0:42:09]} 25. Bc3 {[%clk 0:08:44]}  Ree6 {[%clk 0:39:14]} 26. b3 {[%clk 0:08:33]}  Qc8 {[%clk 0:33:38]} 27. Qc2 {[%clk 0:06:22]}  Rh6 {[%clk 0:30:54]} 28. f3 {[%clk 0:05:27]}  Rh3 {[%clk 0:28:02]} 29. bxc4 {[%clk 0:03:55]}  dxc4 {[%clk 0:27:24]} 30. Rbd1 {[%clk 0:03:03]}  Rah6 {[%clk 0:26:34]} 31. Rd2 {[%clk 0:03:15]}  Qc5 {[%clk 0:23:39]} 32. Re2 {[%clk 0:03:09]}  f5 {[%clk 0:19:36]} 33. Rd1 {[%clk 0:02:30]}  f4 {[%clk 0:15:14]} 34. Bd2 {[%clk 0:02:05]}  fxg3 {[%clk 0:13:53]} 35. Rg2 {[%clk 0:00:40]}  Nf4 {[%clk 0:11:10]} 36. Bb4 {[%clk 0:00:35]}  Qxe3+ {[%clk 0:10:57]} 37. Kh1 {[%clk 0:01:01]}  Rxh2+ {[%clk 0:10:52]} 38. Rxh2 {[%clk 0:01:15]}  Rxh2+ {[%clk 0:10:54]} 39. Qxh2 {[%clk 0:01:24]}  gxh2 {[%clk 0:10:57]} 40. Rd8+ {[%clk 0:01:34]}  Kf7 {[%clk 0:10:20]} 41. Nd6+ {[%clk 0:01:27]}  Kg6 {[%clk 0:10:08]} 0-1

[Event "Amateur Tournament (ATO)"]
[Site "https://www.chess.com"]
[Date "2025.07.16"]
[Round "2"]
[White "Wipf, Armin"]
[Black "Bellm, Juergen"]
[Result "0-1"]
[Board "38"]
[WhiteFideId "1323903"]
[BlackFideId "533007349"]
[WhiteElo "1601"]
[BlackElo "1728"]
[WhiteTeam "SUI"]
[BlackTeam "GER"]
[WhiteClock "1:04:05"]
[BlackClock "0:43:42"]
[Variant "Standard"]

1. e4 {[%clk 1:30:44]}  d5 {[%clk 1:30:52]} 2. exd5 {[%clk 1:30:43]}  Nf6 {[%clk 1:31:11]} 3. d4 {[%clk 1:30:54]}  Nxd5 {[%clk 1:30:55]} 4. Nf3 {[%clk 1:30:48]}  Bf5 {[%clk 1:29:02]} 5. Bd3 {[%clk 1:29:13]}  Qd7 {[%clk 1:25:58]} 6. O-O {[%clk 1:27:48]}  Nc6 {[%clk 1:24:31]} 7. c3 {[%clk 1:27:10]}  Bxd3 {[%clk 1:21:25]} 8. Qxd3 {[%clk 1:27:22]}  e6 {[%clk 1:21:10]} 9. Re1 {[%clk 1:26:45]}  Be7 {[%clk 1:10:31]} 10. Be3 {[%clk 1:22:22]}  O-O {[%clk 1:09:16]} 11. Nbd2 {[%clk 1:19:53]}  Rad8 {[%clk 1:03:25]} 12. Ng5 {[%clk 1:17:14]}  Bxg5 {[%clk 0:57:26]} 13. Bxg5 {[%clk 1:17:33]}  f6 {[%clk 0:57:38]} 14. Be3 {[%clk 1:16:52]}  e5 {[%clk 0:53:16]} 15. dxe5 {[%clk 1:11:55]}  Nxe5 {[%clk 0:52:49]} 16. Qc2 {[%clk 1:08:04]}  Nxe3 {[%clk 0:52:03]} 17. Qb3+ {[%clk 1:05:58]}  Kh8 {[%clk 0:50:48]} 18. Ne4 {[%clk 1:04:38]}  Nf5 {[%clk 0:43:42]} 19. Rad1 {[%clk 1:04:05]} 0-1

[Event "Amateur Tournament (ATO)"]
[Site "https://www.chess.com"]
[Date "2025.07.16"]
[Round "2"]
[White "Christoffersen, Odd"]
[Black "Egli, Arnold"]
[Result "1-0"]
[Board "39"]
[WhiteFideId "1506129"]
[BlackFideId "1307436"]
[WhiteElo "1728"]
[BlackElo "1549"]
[WhiteTeam "NOR"]
[BlackTeam "SUI"]
[WhiteClock "1:02:32"]
[BlackClock "0:48:22"]
[Variant "Standard"]

1. e4 {[%clk 1:30:38]}  Nf6 {[%clk 1:30:37]} 2. e5 {[%clk 1:30:51]}  Nd5 {[%clk 1:31:01]} 3. Nc3 {[%clk 1:31:04]}  Nxc3 {[%clk 1:29:48]} 4. dxc3 {[%clk 1:31:19]}  e6 {[%clk 1:29:43]} 5. Nf3 {[%clk 1:31:17]}  h6 {[%clk 1:27:29]} 6. Bf4 {[%clk 1:30:13]}  g5 {[%clk 1:25:40]} 7. Bg3 {[%clk 1:27:17]}  d6 {[%clk 1:22:20]} 8. Be2 {[%clk 1:25:38]}  d5 {[%clk 1:21:08]} 9. c4 {[%clk 1:22:00]}  b6 {[%clk 1:16:24]} 10. cxd5 {[%clk 1:19:40]}  exd5 {[%clk 1:14:32]} 11. O-O {[%clk 1:17:11]}  Bb7 {[%clk 1:10:35]} 12. Re1 {[%clk 1:09:16]}  Be7 {[%clk 1:06:15]} 13. Nd4 {[%clk 1:08:49]}  c5 {[%clk 0:57:57]} 14. Nf5 {[%clk 1:06:49]}  Kf8 {[%clk 0:55:56]} 15. Bh5 {[%clk 1:04:56]}  Bc8 {[%clk 0:52:46]} 16. Qf3 {[%clk 1:02:30]}  Bxf5 {[%clk 0:50:57]} 17. Qxf5 {[%clk 1:02:47]}  Qe8 {[%clk 0:48:22]} 18. e6 {[%clk 1:02:32]} 1-0

[Event "Amateur Tournament (ATO)"]
[Site "https://www.chess.com"]
[Date "2025.07.16"]
[Round "2"]
[White "Jakob, Dominic"]
[Black "Linder, Ernst"]
[Result "0-1"]
[Board "40"]
[WhiteFideId "1346920"]
[BlackFideId "1357735"]
[WhiteElo "1598"]
[BlackElo "1726"]
[WhiteTeam "SUI"]
[BlackTeam "SUI"]
[WhiteClock "0:18:42"]
[BlackClock "0:43:09"]
[Variant "Standard"]

1. e4 {[%clk 1:30:32]}  c5 {[%clk 1:30:49]} 2. Nf3 {[%clk 1:30:26]}  d6 {[%clk 1:30:55]} 3. d4 {[%clk 1:29:51]}  cxd4 {[%clk 1:31:11]} 4. Nxd4 {[%clk 1:30:02]}  a6 {[%clk 1:31:27]} 5. Nc3 {[%clk 1:28:53]}  Nf6 {[%clk 1:31:17]} 6. Be2 {[%clk 1:27:11]}  e5 {[%clk 1:30:18]} 7. Nf3 {[%clk 1:25:31]}  Be7 {[%clk 1:29:07]} 8. Bg5 {[%clk 1:22:41]}  Nbd7 {[%clk 1:28:02]} 9. O-O {[%clk 1:20:18]}  O-O {[%clk 1:28:12]} 10. a3 {[%clk 1:15:23]}  b5 {[%clk 1:27:38]} 11. Qd2 {[%clk 1:09:30]}  Bb7 {[%clk 1:27:13]} 12. Bd3 {[%clk 1:07:30]}  Rc8 {[%clk 1:26:05]} 13. Bxf6 {[%clk 1:01:13]}  Nxf6 {[%clk 1:25:12]} 14. Nd5 {[%clk 1:00:16]}  Bxd5 {[%clk 1:11:11]} 15. exd5 {[%clk 0:50:27]}  e4 {[%clk 1:09:23]} 16. Qe3 {[%clk 0:49:00]}  exd3 {[%clk 1:06:30]} 17. Qxd3 {[%clk 0:47:56]}  Rc5 {[%clk 1:05:29]} 18. Rfe1 {[%clk 0:42:39]}  Rxd5 {[%clk 1:02:20]} 19. Qe3 {[%clk 0:41:43]}  Re8 {[%clk 0:59:35]} 20. Qa7 {[%clk 0:39:50]}  a5 {[%clk 0:58:31]} 21. c3 {[%clk 0:34:00]}  Rc5 {[%clk 0:56:18]} 22. Nd4 {[%clk 0:15:45]}  Kf8 {[%clk 0:49:32]} 23. Nb3 {[%clk 0:10:45]}  Qc7 {[%clk 0:37:48]} 24. Qxc7 {[%clk 0:08:13]}  Rxc7 {[%clk 0:36:48]} 25. Nxa5 {[%clk 0:08:31]}  d5 {[%clk 0:35:20]} 26. Nb3 {[%clk 0:07:12]}  Rb8 {[%clk 0:33:29]} 27. Rad1 {[%clk 0:06:40]}  Bd6 {[%clk 0:30:50]} 28. Rd3 {[%clk 0:04:33]}  Re7 {[%clk 0:29:56]} 29. Red1 {[%clk 0:04:14]}  Bc7 {[%clk 0:26:36]} 30. h3 {[%clk 0:03:42]}  Re2 {[%clk 0:26:07]} 31. R3d2 {[%clk 0:03:02]}  Rbe8 {[%clk 0:24:34]} 32. Kf1 {[%clk 0:03:11]}  Rxd2 {[%clk 0:23:56]} 33. Rxd2 {[%clk 0:03:38]}  Bb6 {[%clk 0:21:49]} 34. f3 {[%clk 0:02:57]}  Rd8 {[%clk 0:20:04]} 35. g3 {[%clk 0:01:47]}  Ke7 {[%clk 0:18:04]} 36. Nd4 {[%clk 0:01:19]}  Bxd4 {[%clk 0:17:41]} 37. Rxd4 {[%clk 0:01:47]}  Kd6 {[%clk 0:17:41]} 38. Ke2 {[%clk 0:00:59]}  Re8+ {[%clk 0:17:00]} 39. Kf2 {[%clk 0:00:46]}  Nd7 {[%clk 0:15:46]} 40. Rb4 {[%clk 0:00:32]}  Kc5 {[%clk 0:14:57]} 41. h4 {[%clk 0:27:13]}  Ne5 {[%clk 0:44:41]} 42. Rd4 {[%clk 0:27:01]}  Nc4 {[%clk 0:44:19]} 43. b4+ {[%clk 0:23:10]}  Kc6 {[%clk 0:44:24]} 44. Rd1 {[%clk 0:22:34]}  Ra8 {[%clk 0:43:46]} 45. Rc1 {[%clk 0:19:06]}  Rxa3 {[%clk 0:43:42]} 46. Ke2 {[%clk 0:19:05]}  Ra2+ {[%clk 0:43:07]} 47. Kd3 {[%clk 0:18:42]}  Rd2# {[%clk 0:43:09]} 0-1

[Event "Amateur Tournament (ATO)"]
[Site "https://www.chess.com"]
[Date "2025.07.16"]
[Round "2"]
[White "Panda, Gyorgy"]
[Black "Morgan, Jesus Alberto"]
[Result "1-0"]
[Board "42"]
[WhiteFideId "799548"]
[BlackFideId "1339575"]
[WhiteElo "1718"]
[BlackElo "1542"]
[WhiteTeam "HUN"]
[BlackTeam "SUI"]
[WhiteClock "0:40:43"]
[BlackClock "0:02:03"]
[Variant "Standard"]

1. Nf3 {[%clk 1:30:48]}  Nf6 {[%clk 1:30:30]} 2. g3 {[%clk 1:31:00]}  d5 {[%clk 1:30:32]} 3. Bg2 {[%clk 1:31:12]}  Bg4 {[%clk 1:26:31]} 4. Ne5 {[%clk 1:28:35]}  Nc6 {[%clk 1:23:54]} 5. Nxg4 {[%clk 1:27:38]}  Nxg4 {[%clk 1:23:58]} 6. e4 {[%clk 1:27:31]}  Nf6 {[%clk 1:22:53]} 7. exd5 {[%clk 1:27:53]}  Nxd5 {[%clk 1:22:43]} 8. d4 {[%clk 1:27:49]}  e6 {[%clk 1:20:17]} 9. O-O {[%clk 1:27:59]}  Be7 {[%clk 1:14:55]} 10. c4 {[%clk 1:22:33]}  Nb6 {[%clk 0:55:06]} 11. d5 {[%clk 1:12:41]}  exd5 {[%clk 0:52:09]} 12. cxd5 {[%clk 1:12:53]}  Nb4 {[%clk 0:49:17]} 13. Nc3 {[%clk 1:12:37]}  Rb8 {[%clk 0:44:40]} 14. a3 {[%clk 1:08:16]}  Na6 {[%clk 0:43:22]} 15. Bf4 {[%clk 1:04:35]}  Nc4 {[%clk 0:40:49]} 16. Qa4+ {[%clk 1:02:43]}  Qd7 {[%clk 0:31:50]} 17. Qxc4 {[%clk 1:02:05]}  O-O {[%clk 0:30:53]} 18. b4 {[%clk 0:57:58]}  Bd6 {[%clk 0:27:44]} 19. Bxd6 {[%clk 0:55:47]}  cxd6 {[%clk 0:25:51]} 20. Rac1 {[%clk 0:52:03]}  Nc7 {[%clk 0:24:27]} 21. Ne4 {[%clk 0:50:38]}  Rbc8 {[%clk 0:23:16]} 22. Ng5 {[%clk 0:50:33]}  f5 {[%clk 0:11:18]} 23. Qh4 {[%clk 0:46:29]}  h6 {[%clk 0:10:32]} 24. Ne6 {[%clk 0:42:55]}  Rfe8 {[%clk 0:08:04]} 25. Rxc7 {[%clk 0:41:00]}  Qxc7 {[%clk 0:08:04]} 26. Nxc7 {[%clk 0:41:20]}  Re5 {[%clk 0:07:14]} 27. Qf4 {[%clk 0:40:43]}  Re7 {[%clk 0:02:03]} 1-0

[Event "Amateur Tournament (ATO)"]
[Site "https://www.chess.com"]
[Date "2025.07.16"]
[Round "2"]
[White "Meise, Volker"]
[Black "Archit Saigal"]
[Result "1/2-1/2"]
[Board "44"]
[WhiteFideId "12903434"]
[BlackFideId "46631291"]
[WhiteElo "1715"]
[BlackElo "1494"]
[WhiteTeam "GER"]
[BlackTeam "IND"]
[WhiteClock "0:11:51"]
[BlackClock "0:03:44"]
[Variant "Standard"]

1. e4 {[%clk 1:30:52]}  c6 {[%clk 1:23:54]} 2. d4 {[%clk 1:30:57]}  d5 {[%clk 1:24:01]} 3. exd5 {[%clk 1:30:02]}  cxd5 {[%clk 1:24:27]} 4. c4 {[%clk 1:29:39]}  Nf6 {[%clk 1:24:26]} 5. Nc3 {[%clk 1:28:28]}  Nc6 {[%clk 1:20:39]} 6. Nf3 {[%clk 1:27:08]}  Bg4 {[%clk 1:15:44]} 7. cxd5 {[%clk 1:14:19]}  Nxd5 {[%clk 1:10:50]} 8. Bc4 {[%clk 1:09:59]}  Bxf3 {[%clk 0:49:40]} 9. Qxf3 {[%clk 0:53:52]}  Nf6 {[%clk 0:29:59]} 10. Be3 {[%clk 0:43:22]}  e6 {[%clk 0:26:46]} 11. O-O {[%clk 0:39:21]}  Be7 {[%clk 0:23:14]} 12. Rad1 {[%clk 0:30:36]}  O-O {[%clk 0:22:46]} 13. Rfe1 {[%clk 0:22:24]}  Rc8 {[%clk 0:22:24]} 14. Bb3 {[%clk 0:20:21]}  Qa5 {[%clk 0:11:33]} 15. Ne4 {[%clk 0:11:51]}  Rfd8 {[%clk 0:03:44]} 1/2-1/2

[Event "Amateur Tournament (ATO)"]
[Site "https://www.chess.com"]
[Date "2025.07.16"]
[Round "2"]
[White "Reithmayer, Angela"]
[Black "Zimmermann, Stefan SUI"]
[Result "0-1"]
[Board "45"]
[WhiteFideId "1357891"]
[BlackFideId "1320157"]
[WhiteElo "1489"]
[BlackElo "1714"]
[WhiteTeam "SUI"]
[BlackTeam "SUI"]
[WhiteClock "0:12:13"]
[BlackClock "0:12:33"]
[Variant "Standard"]

1. e4 {[%clk 1:30:55]}  d5 {[%clk 1:30:49]} 2. exd5 {[%clk 1:31:05]}  Qxd5 {[%clk 1:31:07]} 3. Nc3 {[%clk 1:31:03]}  Qd6 {[%clk 1:31:14]} 4. Nf3 {[%clk 1:29:25]}  Nf6 {[%clk 1:31:24]} 5. d4 {[%clk 1:29:05]}  a6 {[%clk 1:31:45]} 6. Bg5 {[%clk 1:20:20]}  Nbd7 {[%clk 1:31:45]} 7. Qd2 {[%clk 1:20:20]}  b5 {[%clk 1:28:50]} 8. a3 {[%clk 1:19:05]}  Bb7 {[%clk 1:27:19]} 9. O-O-O {[%clk 1:18:53]}  e6 {[%clk 1:26:29]} 10. Bf4 {[%clk 1:07:55]}  Qb6 {[%clk 1:24:44]} 11. Ne5 {[%clk 0:54:06]}  Be7 {[%clk 1:18:41]} 12. f3 {[%clk 0:49:16]}  O-O {[%clk 1:17:00]} 13. Nxd7 {[%clk 0:43:01]}  Nxd7 {[%clk 1:17:15]} 14. Bg5 {[%clk 0:36:47]}  Rfd8 {[%clk 1:13:22]} 15. h4 {[%clk 0:30:40]}  Nf6 {[%clk 1:11:01]} 16. Be3 {[%clk 0:26:20]}  c5 {[%clk 1:04:27]} 17. Bg5 {[%clk 0:19:03]}  Nd5 {[%clk 0:49:22]} 18. Bxe7 {[%clk 0:19:14]}  Nxe7 {[%clk 0:35:58]} 19. g3 {[%clk 0:15:22]}  f6 {[%clk 0:20:54]} 20. Rg1 {[%clk 0:11:57]}  Kh8 {[%clk 0:20:26]} 21. h5 {[%clk 0:12:13]}  Kg8 {[%clk 0:12:33]} 0-1

[Event "Amateur Tournament (ATO)"]
[Site "https://www.chess.com"]
[Date "2025.07.16"]
[Round "2"]
[White "Trzcinska, Weronika"]
[Black "Gueldenapfel, Thomas"]
[Result "1-0"]
[Board "46"]
[WhiteFideId "41862155"]
[BlackFideId "1320696"]
[WhiteElo "1712"]
[BlackElo "1489"]
[WhiteTeam "POL"]
[BlackTeam "SUI"]
[WhiteClock "0:34:24"]
[BlackClock "1:34:00"]
[Variant "Standard"]

1. e4 {[%clk 1:30:56]}  e5 {[%clk 1:30:54]} 2. Nf3 {[%clk 1:31:14]}  d6 {[%clk 1:31:15]} 3. Nc3 {[%clk 1:31:21]}  Be6 {[%clk 1:31:23]} 4. d3 {[%clk 1:31:26]}  Nf6 {[%clk 1:31:39]} 5. Be2 {[%clk 1:31:44]}  Be7 {[%clk 1:32:00]} 6. O-O {[%clk 1:31:58]}  O-O {[%clk 1:32:22]} 7. h3 {[%clk 1:31:23]}  h6 {[%clk 1:32:45]} 8. Be3 {[%clk 1:31:28]}  Nc6 {[%clk 1:33:01]} 9. a3 {[%clk 1:29:48]}  a6 {[%clk 1:33:24]} 10. Re1 {[%clk 1:28:10]}  Re8 {[%clk 1:33:44]} 11. Rb1 {[%clk 1:27:36]}  Rb8 {[%clk 1:34:02]} 12. d4 {[%clk 1:27:16]}  exd4 {[%clk 1:34:04]} 13. Nxd4 {[%clk 1:27:09]}  Nxd4 {[%clk 1:34:21]} 14. Bxd4 {[%clk 1:27:31]}  c6 {[%clk 1:34:03]} 15. f3 {[%clk 1:25:32]}  Nh5 {[%clk 1:34:13]} 16. Bf2 {[%clk 1:25:36]}  Bh4 {[%clk 1:34:08]} 17. Bxh4 {[%clk 1:19:25]}  Qxh4 {[%clk 1:34:16]} 18. Bf1 {[%clk 1:03:03]}  Ng3 {[%clk 1:33:57]} 19. Ne2 {[%clk 1:00:00]}  Nxf1 {[%clk 1:33:41]} 20. Rxf1 {[%clk 1:00:08]}  Qg5 {[%clk 1:33:50]} 21. Kh1 {[%clk 0:59:33]}  Bc4 {[%clk 1:33:45]} 22. Re1 {[%clk 0:58:50]}  d5 {[%clk 1:33:39]} 23. Nc3 {[%clk 0:55:17]}  Rbd8 {[%clk 1:33:45]} 24. exd5 {[%clk 0:50:33]}  cxd5 {[%clk 1:33:36]} 25. Rxe8+ {[%clk 0:42:21]}  Kh7 {[%clk 1:34:00]} 26. Kg1 {[%clk 0:34:24]} 1-0